00446nam a2200169 a 450000100060000000300090000600800410001502000150005604000280007108200160009910000220011524500240013726000350016130000100019665000360020665000340024214553CO-ViMGA141112s2004 ck r 000 u spa d a9586821927 aCO-ViMGAbspacCO-ViMGA a986.1 G171r1 aGaray, Luis Jorge10aRepensar a Colombia aBogotá : bAlfaomega, c2002 a51 p.14aCOLOMBIA - CONDICIONES SOCIALES14aPROBLEMAS SOCIALES - COLOMBIA